Catalog

Record Details

Catalog Search



Available copies

  • 1 of 1 copy available at LARL/NWRL Consortium.
  • 1 of 1 copy available at Lake Agassiz Regional Library. (Show preferred library)

Current holds

0 current holds with 1 total copy.

Show Only Available Copies
Location Call Number / Copy Notes Barcode Shelving Location Status Due Date
Detroit Lakes Public Library 940.5318 STO (Text) 33500013931381 Main Available -

Record details

  • ISBN: 9780063349032
  • ISBN: 0063349035
  • Physical Description: li, 402 pages : illustrations, maps ; 24 cm
  • Edition: First U.S. edition.
  • Publisher: New York : Mariner Books, 2024.

Content descriptions

General Note:
Originally published in the United Kingdom in 2023 by Penguin Random House UK.
Bibliography, etc. Note:
Includes bibliographical references (pages ... Read More
Formatted Contents Note:
Introduction: What is the Holocaust? -- Before the ... Read More
Summary, etc.:
"The Holocaust is much discussed, much ... Read More
Subject: Holocaust, Jewish (1939-1945)
Genre: Informational works.
LDR 03233cam a2200421 i 4500
001427706
003LARL_NWRL_CONSORTIUM
00520240122180607.0
008240103r20242023nyuab b 001 0 eng d
040 . ‡aIEP ‡beng ‡erda ‡cIEP ‡dIEP ‡dHQD ‡dYDX ‡dBDX ‡dIOU ‡dGK8 ‡dIUO ‡dTXSCH ‡dOCLCO ‡dIMT
019 . ‡a1377566501 ‡a1409141240 ‡a1415631945 ‡a1416648667 ‡a1416719477
020 . ‡a9780063349032 ‡q(hardcover)
020 . ‡a0063349035 ‡q(hardcover)
035 . ‡a(OCoLC)1416456658 ‡z(OCoLC)1377566501 ‡z(OCoLC)1409141240 ‡z(OCoLC)1415631945 ‡z(OCoLC)1416648667 ‡z(OCoLC)1416719477
037 . ‡bHarpercollins, 30 Ed Preate Dr Ste 106, Moosaic, PA, USA, 18507 ‡nSAN 200-2086
08204. ‡a940.53/18 ‡223/eng/20231218
1001 . ‡aStone, Dan, ‡d1971- ‡eauthor.
24514. ‡aThe Holocaust : ‡ban unfinished history / ‡cDan Stone.
250 . ‡aFirst U.S. edition.
264 1. ‡aNew York : ‡bMariner Books, ‡c2024.
300 . ‡ali, 402 pages : ‡billustrations, maps ; ‡c24 cm
336 . ‡atext ‡btxt ‡2rdacontent
337 . ‡aunmediated ‡bn ‡2rdamedia
338 . ‡avolume ‡bnc ‡2rdacarrier
500 . ‡aOriginally published in the United Kingdom in 2023 by Penguin Random House UK.
504 . ‡aIncludes bibliographical references (pages 305-380) and index.
50500. ‡gIntroduction: ‡tWhat is the Holocaust? -- ‡tBefore the Holocaust -- ‡tAttack on the Jews, 1933-8 -- ‡tBefore the 'final solution' -- ‡tWar of annihilation -- ‡tA continent-wide crime -- ‡tCamps and the mobile Holocaust -- ‡tGreat is the wrath : 'liberation' and its aftermath -- ‡tHolocaust memory -- ‡gConclusion.
520 . ‡a"The Holocaust is much discussed, much memorialized, and much portrayed. But there are major aspects of its history that have been overlooked. Spanning the entirety of the Holocaust, this sweeping history deepens our understanding. Dan Stone--Director of the Holocaust Research Institute at Royal Holloway, University of London--reveals how the idea of "industrial murder" is incomplete: many were killed where they lived in the most brutal of ways. He outlines the depth of collaboration across Europe, arguing persuasively that we need to stop thinking of the Holocaust as an exclusively German project. He also considers the nature of trauma the Holocaust engendered, and why Jewish suffering has yet to be fully reckoned with. And he makes clear that the kernel to understanding Nazi thinking and action is genocidal ideology, providing a deep analysis of its origins. Drawing on decades of research, The Holocaust: An Unfinished History upends much of what we think we know about the Holocaust. Stone draws on Nazi documents, but also on diaries, post-war testimonies, and even fiction, urging that, in our age of increasing nationalism and xenophobia, it is vital that we understand the true history of the Holocaust"-- ‡cProvided by publisher.
650 0. ‡aHolocaust, Jewish (1939-1945) ‡0(LARL_NWRL_CONSORTIUM)22264
655 7. ‡aInformational works. ‡2lcgft
901 . ‡a427706 ‡bOCoLC ‡c427706 ‡tbiblio ‡soclc

Additional Resources